00233nam a2200097Ia 4500008004100000100000900041245004200050260001900092942000700111999001700118190216s9999||||xx |||||||||||||| ||und|| aNull 0aHindi-Bharath Kim Pashupalak Jathiyam bBright Careers cBK c17206d17206